[Event "Sparkassen-Open A"]
[Site "Heusenstamm, Martinsee"]
[Date "2023.11.23"]
[Round "1.12"]
[White "Berberich, Christoph"]
[Black "Hahn, Markus"]
[Result "0-1"]
[WhiteElo "1859"]
[BlackElo "2332"]
[PlyCount "56"]
[EventDate "2023.??.??"]
[WhiteTeam "SK Freiburg-Zähringen 1887 e.V."]
[BlackTeam "SVG CAISSA Kassel"]

1. d4 {[%emt 0:00:03]} d5 {[%emt 0:01:19]} 2. Nf3 {[%emt 0:00:14]} Nf6 {[%emt 0:01:45]} 3. e3 {[%emt 0:01:05]} c5 {[%emt 0:01:24]} 4. b3 {[%emt 0:01:40]} Nc6 {[%emt 0:03:54]} 5. Bb2 {[%emt 0:01:19]} e6 {[%emt 0:04:26]} 6. Nbd2 {[%emt 0:02:37]} Bd6 {[%emt 0:00:46]} 7. Bd3 {[%emt 0:03:18]} O-O {[%emt 0:01:38]} 8. O-O {[%emt 0:00:30]} b6 {[%emt 0:05:47]} 9. a3 {[%emt 0:08:39]} Bb7 {[%emt 0:06:10]} 10. e4 {[%emt 0:09:12]} cxd4 {[%emt 0:04:43]} 11. exd5 {[%emt 0:01:25]} Nxd5 {[%emt 0:01:36]} 12. Ne4 {[%emt 0:19:19]} e5 {[%emt 0:06:06]} 13. Nxd6 {[%emt 0:10:46]} Qxd6 {[%emt 0:00:37]} 14. Re1 {[%emt 0:08:30]} Rad8 {[%emt 0:08:12]} 15. Ng5 {[%emt 0:06:13]} f5 {[%emt 0:08:24]} 16. Qh5 {[%emt 0:02:25]} h6 {[%emt 0:00:33]} 17. Nh3 {[%emt 0:01:48]} Qf6 {[%emt 0:03:31]} 18. b4 {[%emt 0:04:05]} a6 {[%emt 0:10:22]} 19. Qe2 {[%emt 0:03:13]} b5 {[%emt 0:04:42]} 20. f3 {[%emt 0:02:09]} Nb6 {[%emt 0:07:31]} 21. c4 {[%emt 0:08:17]} bxc4 {[%emt 0:10:01]} 22. Bxc4+ {[%emt 0:00:08]} Nxc4 {[%emt 0:00:04]} 23. Qxc4+ {[%emt 0:00:32]} Kh8 {[%emt 0:00:04]} 24. a4 {[%emt 0:01:51]} e4 {[%emt 0:04:26]} 25. fxe4 {[%emt 0:00:36]} Ne5 {[%emt 0:01:45]} 26. Qc7 {[%emt 0:01:33]} Rd7 {[%emt 0:01:12]} 27. Qc5 {[%emt 0:00:57]} Rc8 {[%emt 0:00:20]} 28. Qa7 {[%emt 0:00:11]} Bxe4 {[%emt 0:00:42]} 0-1

[Event "Sparkassen-Open A"]
[Site "Heusenstamm, Martinsee"]
[Date "2023.11.23"]
[Round "1.13"]
[White "Glöckler, Christian"]
[Black "Kolker, Vladislav"]
[Result "1-0"]
[WhiteElo "2332"]
[BlackElo "1874"]
[PlyCount "45"]
[EventDate "2023.??.??"]
[WhiteTeam "Wiesbadener SV 1885"]
[BlackTeam "SC Bad Nauheim"]

1. e4 {[%emt 0:00:23]} e5 2. Nf3 {[%emt 0:00:06]} Nc6 {[%emt 0:00:07]} 3. Bb5 {[%emt 0:00:25]} f5 {[%emt 0:00:09]} 4. d3 {[%emt 0:00:45]} fxe4 5. dxe4 {[%emt 0:00:03]} Nf6 {[%emt 0:00:04]} 6. Qe2 {[%emt 0:01:05]} Bc5 {[%emt 0:00:29]} 7. Bg5 {[%emt 0:01:05]} d6 {[%emt 0:00:36]} 8. Nbd2 {[%emt 0:00:25]} O-O {[%emt 0:02:10]} 9. O-O-O {[%emt 0:03:15]} a6 {[%emt 0:00:15]} 10. Bxc6 {[%emt 0:00:50]} bxc6 {[%emt 0:00:03]} 11. Qc4+ {[%emt 0:02:57]} Kh8 {[%emt 0:00:14]} 12. Nxe5 {[%emt 0:00:10]} Qe8 {[%emt 0:00:42]} 13. Nd3 {[%emt 0:00:43]} Be6 {[%emt 0:00:47]} 14. Qa4 {[%emt 0:02:02]} Bb6 {[%emt 0:02:47]} 15. Bxf6 {[%emt 0:04:10]} Rxf6 16. e5 {[%emt 0:00:03]} Rf8 {[%emt 0:04:51]} 17. Rde1 {[%emt 0:08:12]} Bxf2 {[%emt 0:02:48]} 18. Re2 {[%emt 0:01:18]} Bc5 {[%emt 0:04:54]} 19. exd6 {[%emt 0:00:51]} Bxd6 {[%emt 0:00:29]} 20. Rhe1 {[%emt 0:00:23]} Rf6 {[%emt 0:00:03]} 21. Ne4 {[%emt 0:00:08]} Rh6 {[%emt 0:09:05]} 22. Nxd6 {[%emt 0:00:38]} cxd6 {[%emt 0:00:19]} 23. Nf4 {[%emt 0:00:04]} 1-0

[Event "Sparkassen-Open A"]
[Site "Heusenstamm, Martinsee"]
[Date "2023.11.23"]
[Round "1.14"]
[White "Francke, Helmut"]
[Black "Dolzhykova, Kateryna"]
[Result "0-1"]
[WhiteElo "1872"]
[BlackElo "2323"]
[PlyCount "52"]
[EventDate "2023.??.??"]
[WhiteTeam "SC Bad Nauheim"]
[BlackTeam "SV Oberursel"]

1. Nf3 {[%emt 0:00:12]} Nf6 2. g3 {[%emt 0:00:03]} g6 {[%emt 0:00:15]} 3. Bg2 {[%emt 0:00:09]} Bg7 {[%emt 0:00:12]} 4. O-O {[%emt 0:00:08]} O-O {[%emt 0:00:38]} 5. d3 {[%emt 0:00:21]} d6 {[%emt 0:01:10]} 6. e4 {[%emt 0:05:00]} c5 {[%emt 0:00:55]} 7. Qe2 {[%emt 0:01:28]} Nc6 {[%emt 0:00:17]} 8. c3 {[%emt 0:00:16]} e5 {[%emt 0:00:36]} 9. h3 {[%emt 0:03:46]} d5 {[%emt 0:01:26]} 10. Re1 {[%emt 0:18:27]} Re8 {[%emt 0:02:13]} 11. Na3 {[%emt 0:07:14]} Rb8 {[%emt 0:04:55]} 12. Kh2 {[%emt 0:09:44]} b6 {[%emt 0:06:29]} 13. Bg5 {[%emt 0:06:41]} Bb7 {[%emt 0:03:55]} 14. Qd2 {[%emt 0:21:25]} dxe4 {[%emt 0:05:25]} 15. dxe4 {[%emt 0:00:33]} Qe7 {[%emt 0:00:25]} 16. Qe3 {[%emt 0:10:37]} Rbd8 {[%emt 0:03:15]} 17. Rad1 {[%emt 0:00:09]} a6 {[%emt 0:01:01]} 18. Nc2 {[%emt 0:03:15]} Qe6 {[%emt 0:01:33]} 19. b3 {[%emt 0:00:53]} Ne7 {[%emt 0:01:16]} 20. Nd2 {[%emt 0:02:07]} Kh8 {[%emt 0:02:49]} 21. Bf1 {[%emt 0:03:09]} Rxd2 {[%emt 0:05:33]} 22. Qxd2 {[%emt 0:03:35]} Nxe4 23. Qe3 {[%emt 0:00:19]} Nxg5 {[%emt 0:02:03]} 24. Qxg5 {[%emt 0:00:28]} Qc6 {[%emt 0:00:28]} 25. g4 {[%emt 0:00:04]} Qh1+ 26. Kg3 Qg1+ 0-1

[Event "Sparkassen-Open A"]
[Site "Heusenstamm, Martinsee"]
[Date "2023.11.23"]
[Round "1.15"]
[White "Kleibel, Uwe"]
[Black "Lotz, Ralf"]
[Result "1-0"]
[WhiteElo "2308"]
[BlackElo "1872"]
[PlyCount "193"]
[EventDate "2023.??.??"]
[WhiteTeam "SC Bavaria Regensburg von 1881 e"]
[BlackTeam "SC 1952 Obertshausen"]

{s2-5} 1. d4 {[%emt 0:00:25]} Nf6 {[%emt 0:00:16]} 2. Nf3 {[%emt 0:00:16]} d5 {[%emt 0:00:11]} 3. Bf4 g6 {[%emt 0:02:17]} 4. e3 {[%emt 0:00:50]} Bg7 5. Nbd2 {[%emt 0:01:12]} Bg4 {[%emt 0:01:57]} 6. c3 {[%emt 0:00:41]} c6 {[%emt 0:02:41]} 7. h3 {[%emt 0:04:02]} Bxf3 {[%emt 0:03:09]} 8. Nxf3 {[%emt 0:01:11]} Nbd7 {[%emt 0:00:44]} 9. Be2 {[%emt 0:00:10]} O-O {[%emt 0:03:09]} 10. O-O {[%emt 0:01:29]} Re8 {[%emt 0:02:52]} 11. Bh2 {[%emt 0:01:28]} Ne4 {[%emt 0:06:52]} 12. a4 {[%emt 0:03:47]} e5 {[%emt 0:09:05]} 13. a5 {[%emt 0:05:24]} a6 {[%emt 0:08:51]} 14. Qb3 {[%emt 0:05:53]} Nd6 {[%emt 0:03:01]} 15. Rfe1 {[%emt 0:05:34]} h6 {[%emt 0:19:28]} 16. Bf1 {[%emt 0:07:12]} Kh7 {[%emt 0:01:09]} 17. Red1 {[%emt 0:01:01]} Qe7 {[%emt 0:03:06]} 18. dxe5 {[%emt 0:05:03]} Nxe5 {[%emt 0:00:27]} 19. Nxe5 {[%emt 0:00:37]} Bxe5 {[%emt 0:00:07]} 20. Bxe5 {[%emt 0:00:04]} Qxe5 {[%emt 0:00:15]} 21. c4 {[%emt 0:00:19]} dxc4 {[%emt 0:02:42]} 22. Bxc4 {[%emt 0:02:14]} Nxc4 {[%emt 0:01:56]} 23. Qxc4 {[%emt 0:01:13]} Re7 {[%emt 0:01:33]} 24. Rd4 {[%emt 0:17:05]} Kg7 {[%emt 0:02:39]} 25. b4 {[%emt 0:01:48]} Rc8 {[%emt 0:01:55]} 26. Rad1 {[%emt 0:00:17]} Rcc7 {[%emt 0:01:47]} 27. Qd3 {[%emt 0:11:17]} Qb5 {[%emt 0:04:05]} 28. Qc3 {[%emt 0:02:23]} Qe5 {[%emt 0:00:20]} 29. Qd2 {[%emt 0:00:31]} Qf5 {[%emt 0:02:32]} 30. Rd8 {[%emt 0:04:33]} Qe6 {[%emt 0:05:20]} 31. Qd4+ {[%emt 0:06:57]} Qe5 {[%emt 0:00:58]} 32. Qa7 {[%emt 0:00:40]} Re8 {[%emt 0:06:24]} 33. Rxe8 {[%emt 0:09:16]} Qxe8 {[%emt 0:00:04]} 34. Qd4+ {[%emt 0:00:43]} f6 {[%emt 0:00:33]} 35. h4 {[%emt 0:00:36]} h5 {[%emt 0:00:48]} 36. f4 {[%emt 0:02:05]} Re7 {[%emt 0:01:15]} 37. Kf2 {[%emt 0:00:37]} Qf7 {[%emt 0:00:23]} 38. Qd8 {[%emt 0:01:09]} Qe6 {[%emt 0:00:44]} 39. Rd3 {[%emt 0:00:03]} Qa2+ {[%emt 0:00:40]} 40. Kf3 {[%emt 0:01:06]} Qe6 {[%emt 0:00:38]} 41. Kf2 {[%emt 0:00:58]} Qa2+ {[%emt 0:01:59]} 42. Kg3 {[%emt 0:01:35]} Qe6 {[%emt 0:00:35]} 43. Kh2 {[%emt 0:00:44]} Rf7 {[%emt 0:06:09]} 44. g3 {[%emt 0:03:12]} Qa2+ {[%emt 0:01:58]} 45. Rd2 {[%emt 0:00:21]} Qe6 {[%emt 0:00:39]} 46. Qd4 {[%emt 0:01:07]} Re7 {[%emt 0:01:16]} 47. Kg2 {[%emt 0:02:17]} Kf7 {[%emt 0:00:47]} 48. Kf2 {[%emt 0:00:37]} Qh3 {[%emt 0:01:36]} 49. Qc4+ {[%emt 0:01:36]} Kg7 {[%emt 0:01:38]} 50. Qf1 {[%emt 0:02:13]} Qe6 {[%emt 0:24:42]} 51. Qe2 Qh3 52. Qf3 Qe6 53. Rd4 Qa2+ 54. Qe2 Qe6 55. e4 {[%emt 0:00:03]} Qb3 56. Qd2 Qe6 57. Kg2 Qg4 58. Qd3 Qe6 59. Rd6 Qg4 60. Kh2 Rf7 61. Rd8 {[%emt 0:00:45]} Qe6 {[%emt 0:01:46]} 62. Rd6 {[%emt 0:01:14]} Qa2+ {[%emt 0:00:45]} 63. Kh3 {[%emt 0:02:08]} Qa1 {[%emt 0:00:41]} 64. Kg2 Qb2+ {[%emt 0:00:34]} 65. Qd2 Qb1 {[%emt 0:00:14]} 66. Qd4 {[%emt 0:01:42]} Qc2+ {[%emt 0:00:19]} 67. Kf3 {[%emt 0:01:11]} Qb3+ {[%emt 0:01:04]} 68. Qd3 {[%emt 0:03:17]} Qxb4 {[%emt 0:02:35]} 69. e5 Qe1 {[%emt 0:03:36]} 70. exf6+ {[%emt 0:00:26]} Rxf6 {[%emt 0:01:13]} 71. Rxf6 {[%emt 0:02:02]} Kxf6 {[%emt 0:00:06]} 72. Qd8+ {[%emt 0:01:10]} Qe7 {[%emt 0:00:35]} 73. Qh8+ {[%emt 0:00:51]} Kf5 {[%emt 0:01:42]} 74. Qc8+ {[%emt 0:00:22]} Kf6 {[%emt 0:00:36]} 75. Qh8+ {[%emt 0:00:10]} Ke6 {[%emt 0:01:03]} 76. Qg8+ {[%emt 0:00:20]} Qf7 {[%emt 0:00:26]} 77. Qc8+ {[%emt 0:00:46]} Kd6 {[%emt 0:00:40]} 78. Qd8+ {[%emt 0:00:03]} Kc5 {[%emt 0:00:56]} 79. Qb6+ {[%emt 0:00:36]} Kc4 {[%emt 0:00:18]} 80. Kf2 {[%emt 0:01:01]} Qd7 {[%emt 0:00:36]} 81. Kg2 {[%emt 0:02:41]} Qd2+ {[%emt 0:00:52]} 82. Kh3 {[%emt 0:00:39]} Qd4 {[%emt 0:00:28]} 83. Qxb7 {[%emt 0:00:22]} Qd5 {[%emt 0:01:58]} 84. Qxa6+ {[%emt 0:00:26]} Kc3 {[%emt 0:00:52]} 85. Qf1 {[%emt 0:00:11]} c5 {[%emt 0:01:51]} 86. a6 {[%emt 0:00:59]} c4 {[%emt 0:00:34]} 87. Qa1+ {[%emt 0:00:06]} Kd2 {[%emt 0:01:22]} 88. Qb2+ {[%emt 0:00:58]} Kd3 {[%emt 0:00:30]} 89. Qb7 {[%emt 0:00:40]} Qe6+ {[%emt 0:00:34]} 90. Kh2 {[%emt 0:00:29]} Qe2+ {[%emt 0:00:08]} 91. Qg2 {[%emt 0:00:27]} Qe7 {[%emt 0:00:21]} 92. Qd5+ {[%emt 0:00:37]} Kc2 {[%emt 0:01:01]} 93. Qxc4+ {[%emt 0:00:12]} Kd1 {[%emt 0:00:29]} 94. Qd4+ {[%emt 0:00:43]} Kc2 {[%emt 0:00:25]} 95. Qf2+ {[%emt 0:00:29]} Kb1 {[%emt 0:00:50]} 96. a7 {[%emt 0:00:07]} Qb7 {[%emt 0:00:22]} 97. Qg1+ {[%emt 0:00:39]} 1-0

[Event "Sparkassen-Open A"]
[Site "Heusenstamm, Martinsee"]
[Date "2023.11.23"]
[Round "1.16"]
[White "Stehning, Toni"]
[Black "Haack, Kevin"]
[Result "0-1"]
[WhiteElo "1666"]
[BlackElo "2302"]
[PlyCount "84"]
[EventDate "2023.??.??"]
[WhiteTeam "SF Braunfels"]
[BlackTeam "SC Bad Soden"]

1. e4 {[%emt 0:00:59]} c5 {[%emt 0:00:31]} 2. Nc3 {[%emt 0:00:16]} Nc6 {[%emt 0:00:26]} 3. g3 {[%emt 0:00:26]} g6 {[%emt 0:01:11]} 4. d3 {[%emt 0:00:39]} Bg7 {[%emt 0:04:03]} 5. Bg2 {[%emt 0:03:01]} d6 {[%emt 0:00:33]} 6. Nge2 {[%emt 0:00:59]} e6 {[%emt 0:01:57]} 7. O-O {[%emt 0:00:53]} Nge7 {[%emt 0:03:13]} 8. Be3 {[%emt 0:01:00]} Nd4 {[%emt 0:01:22]} 9. Qd2 {[%emt 0:02:46]} O-O {[%emt 0:00:49]} 10. Nd1 {[%emt 0:00:54]} Nec6 {[%emt 0:07:04]} 11. c3 {[%emt 0:01:43]} Nxe2+ {[%emt 0:00:34]} 12. Qxe2 b6 {[%emt 0:05:13]} 13. Qd2 {[%emt 0:05:37]} Ba6 {[%emt 0:03:30]} 14. f4 d5 {[%emt 0:04:23]} 15. exd5 {[%emt 0:02:25]} exd5 {[%emt 0:00:49]} 16. f5 {[%emt 0:01:28]} Ne5 {[%emt 0:05:21]} 17. Bh6 {[%emt 0:11:42]} f6 {[%emt 0:07:28]} 18. fxg6 {[%emt 0:04:45]} hxg6 {[%emt 0:01:26]} 19. Bxg7 {[%emt 0:01:45]} Kxg7 {[%emt 0:00:15]} 20. c4 {[%emt 0:04:22]} dxc4 {[%emt 0:00:52]} 21. Bxa8 {[%emt 0:03:11]} Qxa8 {[%emt 0:00:13]} 22. dxc4 {[%emt 0:05:04]} Bxc4 {[%emt 0:00:38]} 23. Rf2 {[%emt 0:03:15]} Nf3+ {[%emt 0:03:48]} 24. Rxf3 Qxf3 25. Ne3 {[%emt 0:02:00]} Bb5 {[%emt 0:03:20]} 26. Qf2 {[%emt 0:02:33]} Qxf2+ {[%emt 0:03:04]} 27. Kxf2 {[%emt 0:01:32]} Rd8 {[%emt 0:00:11]} 28. Rd1 {[%emt 0:01:28]} Rxd1 {[%emt 0:00:22]} 29. Nxd1 {[%emt 0:02:40]} Bc4 30. a3 {[%emt 0:01:25]} Kf7 {[%emt 0:01:00]} 31. Ke3 {[%emt 0:01:29]} Ke6 {[%emt 0:00:20]} 32. Nc3 {[%emt 0:00:27]} Ke5 {[%emt 0:00:37]} 33. Ne4 {[%emt 0:04:21]} Bd5 {[%emt 0:01:04]} 34. Nc3 {[%emt 0:00:30]} Bc6 {[%emt 0:02:55]} 35. h3 g5 {[%emt 0:09:31]} 36. a4 f5 37. Nb5 a6 {[%emt 0:10:33]} 38. Nc7 Kd6 39. Nxa6 Bb7 40. Nb8 Kc7 41. h4 {[%emt 0:02:57]} f4+ {[%emt 0:00:18]} 42. gxf4 {[%emt 0:00:51]} gxh4 0-1

[Event "Sparkassen-Open A"]
[Site "Heusenstamm, Martinsee"]
[Date "2023.11.23"]
[Round "1.17"]
[White "Eilers, Stefan"]
[Black "Hinz, André"]
[Result "1-0"]
[WhiteElo "2300"]
[BlackElo "1690"]
[PlyCount "71"]
[EventDate "2023.??.??"]
[WhiteTeam "SAbt SG 1945 Dietzenbach"]
[BlackTeam "SC Brett vorm Kopp Ffm"]

1. d4 Nf6 2. Nf3 g6 3. Bf4 Bg7 4. c3 d5 5. e3 O-O 6. Nbd2 Bf5 7. Qb3 Qc8 8. h3 Nbd7 9. g4 Be4 10. Nxe4 dxe4 11. Nd2 Nb6 12. Bg2 c6 13. Nxe4 Nxe4 14. Bxe4 Rd8 15. Bg3 Nd5 16. Bg2 b5 17. e4 Nb6 18. O-O a5 19. Rad1 a4 20. Qc2 Ra7 21. Qe2 a3 22. b4 Nc4 23. f4 f6 24. f5 Bh6 25. Rd3 Rad7 26. fxg6 hxg6 27. e5 f5 28. gxf5 gxf5 29. Qh5 Be3+ 30. Rxe3 Nxe3 31. Qg5+ Kh8 32. Qxe3 e6 33. Bh4 Rf8 34. Bf6+ Kg8 35. Qg5+ Kf7 36. Qh5+ 1-0

[Event "Sparkassen-Open A"]
[Site "Heusenstamm, Martinsee"]
[Date "2023.11.23"]
[Round "1.18"]
[White "Reinecke, Katharina"]
[Black "Chassard, Cedric"]
[Result "1/2-1/2"]
[WhiteElo "1861"]
[BlackElo "2297"]
[PlyCount "139"]
[EventDate "2023.??.??"]
[WhiteTeam "SK Langen"]
[BlackTeam "SC Caissa Schwarzenbach"]

1. e4 c5 2. Nf3 d6 3. Bb5+ Nd7 4. O-O a6 5. Bd3 Ngf6 6. c3 e6 7. Bc2 b5 8. d4 Bb7 9. Re1 Be7 10. Bg5 Qc7 11. Nbd2 Rc8 12. e5 Nd5 13. exd6 Qxd6 14. Ne4 Qc7 15. Bxe7 Nxe7 16. dxc5 Bxe4 17. Bxe4 Qxc5 18. a4 Nf6 19. Qe2 Nxe4 20. Qxe4 O-O 21. Qb7 bxa4 22. Rxa4 Rb8 23. b4 Qxf2+ 24. Kxf2 Rxb7 25. Rxa6 g6 26. Rea1 Kg7 27. Ra7 Rfb8 28. Nd4 e5 29. Ne2 f5 30. R1a6 Kf7 31. Ra5 Ke6 32. Rxb7 Rxb7 33. Rc5 Kd6 34. Nc1 Nd5 35. Rc8 Rc7 36. Rxc7 Kxc7 37. Na2 Nb6 38. Ke2 Kc6 39. Nc1 Kd5 40. Kd2 e4 41. g3 Kc4 42. Ne2 Nd5 43. h4 Nb6 44. Nd4 Nd5 45. Ne2 e3+ 46. Kc2 Nf6 47. Nf4 Ne4 48. Ne2 h6 49. b5 Kxb5 50. Kd3 Kc5 51. Kxe3 Kc4 52. g4 Nd6 53. h5 g5 54. gxf5 Nxf5+ 55. Ke4 Ng7 56. Ng3 Kxc3 57. Ke3 Kc2 58. Ke2 Kc1 59. Ke1 Kc2 60. Ke2 Ne6 61. Ke3 Ng7 62. Ke2 Ne6 63. Ke3 Kd1 64. Nf5 Nf4 65. Nxh6 Nxh5 66. Kf3 Nf6 67. Nf7 g4+ 68. Kg3 Ke2 69. Nh6 Ng8 70. Nxg4 1/2-1/2

[Event "Sparkassen-Open A"]
[Site "Heusenstamm, Martinsee"]
[Date "2023.11.23"]
[Round "1.19"]
[White "Neukirchner, Pascal"]
[Black "Gajcin, Jasmina"]
[Result "1-0"]
[WhiteElo "2286"]
[BlackElo "1857"]
[PlyCount "77"]
[EventDate "2023.??.??"]
[WhiteTeam "SK Gründau"]
[BlackTeam "Dublin Chess Club"]

1. Nf3 Nf6 2. g3 g6 3. b3 Bg7 4. Bb2 O-O 5. Bg2 d5 6. O-O c6 7. c4 a5 8. d3 Nbd7 9. Nbd2 Qb6 10. Qc2 a4 11. cxd5 Nxd5 12. Nc4 Qd8 13. Bxg7 Kxg7 14. b4 N7f6 15. a3 Nb6 16. Nce5 Be6 17. Qb2 Nbd7 18. Ng5 Bd5 19. Bxd5 cxd5 20. Rac1 Nxe5 21. Qxe5 Rc8 22. Rc5 h6 23. Nf3 Qd7 24. Rfc1 Rxc5 25. Rxc5 Rc8 26. Rxc8 Qxc8 27. Qxe7 Qe6 28. Qxe6 fxe6 29. Ne5 Ne8 30. Nd7 Kf7 31. Nb6 Nd6 32. Nxa4 Nb5 33. Nc5 Nxa3 34. Nxb7 Nc2 35. b5 Nd4 36. b6 Nxe2+ 37. Kf1 Nd4 38. Nd8+ Ke7 39. b7 1-0

[Event "Sparkassen-Open A"]
[Site "Heusenstamm, Martinsee"]
[Date "2023.11.23"]
[Round "1.20"]
[White "Mohr, Thomas"]
[Black "Klundt, Klaus"]
[Result "0-1"]
[WhiteElo "1857"]
[BlackElo "2280"]
[PlyCount "56"]
[EventDate "2023.??.??"]
[WhiteTeam "SC FK Babenhausen 1994"]
[BlackTeam "SC Heusenstamm"]

1. f4 Nf6 2. Nf3 g6 3. e3 Bg7 4. d4 d6 5. Be2 O-O 6. O-O c5 7. c3 b6 8. Nbd2 Bb7 9. Qe1 Nc6 10. Qh4 e6 11. g4 cxd4 12. Nxd4 Nxd4 13. exd4 Nd5 14. Qg3 f5 15. Nf3 Qd7 16. a4 Nf6 17. Nd2 fxg4 18. Bxg4 Nxg4 19. Qxg4 Rf5 20. Nf3 Raf8 21. Bd2 Qc6 22. h4 e5 23. Be3 Bh6 24. Ng5 exf4 25. Bd2 Bxg5 26. hxg5 Qd5 27. Kf2 Rxg5 28. Qh3 Rg2+ 0-1

[Event "Sparkassen-Open A"]
[Site "Heusenstamm, Martinsee"]
[Date "2023.11.23"]
[Round "1.21"]
[White "Spriestersbach, Kai"]
[Black "Vranckx, Oscar"]
[Result "1-0"]
[WhiteElo "2263"]
[BlackElo "1643"]
[PlyCount "51"]
[EventDate "2023.??.??"]
[WhiteTeam "SV Erkenschwick 1923 e"]
[BlackTeam "SF Birkenfeld"]

1. e4 c5 2. Nf3 Nc6 3. d4 cxd4 4. Nxd4 e5 5. Nb5 d6 6. N1c3 a6 7. Na3 Be7 8. Nc4 b5 9. Ne3 Nf6 10. g3 b4 11. Ncd5 Nxe4 12. Bg2 f5 13. Qd3 Nc5 14. Qc4 Bd7 15. Nxe7 Nxe7 16. Qxb4 Rb8 17. Qd2 Be6 18. O-O d5 19. Qe2 d4 20. Nc4 e4 21. Bf4 d3 22. Nd6+ Kf8 23. Qe3 Nb7 24. Nxb7 Rxb7 25. cxd3 Rxb2 26. dxe4 1-0

[Event "Sparkassen-Open A"]
[Site "Heusenstamm, Martinsee"]
[Date "2023.11.23"]
[Round "1.22"]
[White "Marcziter, Alex"]
[Black "Hinrichs, Paul"]
[Result "0-1"]
[WhiteElo "1791"]
[BlackElo "2223"]
[PlyCount "68"]
[EventDate "2023.??.??"]
[WhiteTeam "SG Porz e. V."]
[BlackTeam "Sfr.Heidesheim"]

1. e4 e5 2. Nf3 Nc6 3. Bc4 Nf6 4. Ng5 d5 5. exd5 Na5 6. Bb5+ c6 7. dxc6 bxc6 8. Be2 h6 9. Nf3 e4 10. Ne5 Bc5 11. c3 O-O 12. d4 exd3 13. Nxd3 Bb6 14. O-O Re8 15. Bf4 Ba6 16. b4 Nb7 17. c4 Bxc4 18. Qc2 Qd4 19. Be3 Qxa1 20. Nc3 Qxf1+ 21. Bxf1 Bxe3 22. fxe3 Rxe3 23. h3 Rd8 24. Nb2 Bxf1 25. Kxf1 Rde8 26. Kg1 Nd6 27. Kh2 h5 28. Nbd1 R3e6 29. Qf2 a6 30. Nb2 g6 31. Nd3 Nf5 32. Nf4 Re3 33. Nfe2 Kg7 34. Kg1 h4 0-1

[Event "Sparkassen-Open A"]
[Site "Heusenstamm, Martinsee"]
[Date "2023.11.23"]
[Round "1.23"]
[White "Minor, Samuel"]
[Black "Vangsgaard, Claus"]
[Result "1-0"]
[WhiteElo "2242"]
[BlackElo "1853"]
[PlyCount "95"]
[EventDate "2023.??.??"]
[WhiteTeam "Wiesbadener SV 1885"]
[BlackTeam "Vejlby-Risskov SK"]

1. e4 c6 2. d4 d5 3. Nc3 dxe4 4. Nxe4 Bf5 5. Ng3 Bg6 6. Nh3 e6 7. Nf4 Bd6 8. c3 Qc7 9. Qf3 Ne7 10. h4 Nd7 11. h5 Bc2 12. h6 g6 13. Ne4 Bxe4 14. Qxe4 Nf6 15. Qf3 Ned5 16. Nd3 Be7 17. Bd2 O-O 18. c4 Nb6 19. b3 Nbd7 20. Bc3 Ne8 21. Rd1 a5 22. Be2 Bf6 23. Rh3 c5 24. Nxc5 Nxc5 25. dxc5 Bxc3+ 26. Qxc3 Qxc5 27. Rd7 Rb8 28. Kf1 b6 29. Kg1 Qg5 30. a3 Qf6 31. Qc1 Rd8 32. Rf3 Qxf3 33. Bxf3 Rxd7 34. Qe3 Rd6 35. c5 bxc5 36. Qxc5 f5 37. Bc6 Rd1+ 38. Kh2 Nf6 39. Bf3 Rd7 40. Qxa5 g5 41. a4 Kf7 42. Qb6 Rg8 43. a5 g4 44. Be2 Ne4 45. a6 Rg6 46. a7 Rxh6+ 47. Kg1 Rd2 48. Qe3 1-0

[Event "Sparkassen-Open A"]
[Site "Heusenstamm, Martinsee"]
[Date "2023.11.23"]
[Round "1.24"]
[White "Wilke, Jörg"]
[Black "Marcziter, Dmitrii"]
[Result "0-1"]
[WhiteElo "1853"]
[BlackElo "2224"]
[PlyCount "86"]
[EventDate "2023.??.??"]
[WhiteTeam "SC Matt im Park Ffm"]
[BlackTeam "SG Porz e. V."]

1. d4 Nf6 2. c4 g6 3. Nc3 Bg7 4. e4 d6 5. Be2 O-O 6. h4 h5 7. f3 c5 8. dxc5 dxc5 9. Bf4 Qa5 10. Qa4 Qxa4 11. Nxa4 b6 12. Rb1 Nc6 13. a3 Bd7 14. Nc3 Rac8 15. Bd1 Na5 16. b3 Rfd8 17. Nge2 Be8 18. Bc2 Nc6 19. Nd5 e6 20. Nxf6+ Bxf6 21. Bg5 Kg7 22. Bxf6+ Kxf6 23. Rd1 a6 24. Kf2 b5 25. cxb5 axb5 26. Rxd8 Rxd8 27. Ke3 Nd4 28. Nxd4 cxd4+ 29. Kd2 e5 30. b4 Rc8 31. Rb1 Ra8 32. Ra1 g5 33. g3 Bd7 34. Bd1 gxh4 35. gxh4 Rg8 36. Be2 Rg2 37. Rh1 Be6 38. Ke1 Bc4 39. Bf1 Ra2 40. Bxc4 bxc4 41. Rf1 Rxa3 42. f4 Ra1+ 43. Ke2 d3+ 0-1

[Event "Sparkassen-Open A"]
[Site "Heusenstamm, Martinsee"]
[Date "2023.11.23"]
[Round "1.25"]
[White "Euler, Gerd"]
[Black "Bittner, Peter"]
[Result "1-0"]
[WhiteElo "2236"]
[BlackElo "1852"]
[PlyCount "67"]
[EventDate "2023.??.??"]
[WhiteTeam "SSG Hungen-Lich"]
[BlackTeam "SC 1961 König Nied"]

1. e4 e5 2. Nf3 Nc6 3. Bb5 a6 4. Ba4 Nf6 5. O-O Be7 6. Re1 d6 7. c3 O-O 8. h3 Bd7 9. d4 b5 10. Bb3 h6 11. Nbd2 g6 12. dxe5 Nxe5 13. Nxe5 dxe5 14. Nf3 Kg7 15. Nxe5 Be8 16. Qe2 c5 17. Nf3 Qc7 18. e5 Ng8 19. Bf4 Bc6 20. Nh2 c4 21. Bc2 Qb7 22. f3 Rad8 23. Be3 Rd7 24. Bd4 f6 25. Ng4 f5 26. Ne3 Kh7 27. a4 Bh4 28. axb5 axb5 29. Ra7 Qb8 30. Rea1 Bg3 31. Nf1 Bh4 32. Rxd7+ Bxd7 33. Ra7 Qc8 34. e6 1-0

[Event "Sparkassen-Open A"]
[Site "Heusenstamm, Martinsee"]
[Date "2023.11.23"]
[Round "1.26"]
[White "Held, Bernhard"]
[Black "Lesny, Florian"]
[Result "1/2-1/2"]
[WhiteElo "1847"]
[BlackElo "2216"]
[PlyCount "52"]
[EventDate "2023.??.??"]
[WhiteTeam "SK 1908 Göggingen"]
[BlackTeam "SF Hünstetten"]

1. e4 c5 2. c3 Nf6 3. e5 Nd5 4. d4 cxd4 5. Nf3 d6 6. cxd4 Nc6 7. Bc4 Nb6 8. Bb5 dxe5 9. Nxe5 Bd7 10. Bxc6 Bxc6 11. Nxc6 bxc6 12. O-O e6 13. Be3 Be7 14. Nd2 O-O 15. Rc1 Qd5 16. a3 Rfd8 17. Nf3 Rac8 18. Qe2 Na4 19. Rc2 Rb8 20. b4 Bf6 21. Qa6 Qb3 22. Rxc6 Qxa3 23. Rfc1 Rb6 24. Rxb6 axb6 25. Rc8 Qb3 26. h3 Rf8 1/2-1/2

[Event "Sparkassen-Open A"]
[Site "Heusenstamm, Martinsee"]
[Date "2023.11.23"]
[Round "1.27"]
[White "Hebbering, Tom Elliot"]
[Black "Kretner, Georg-Ulrich"]
[Result "1-0"]
[WhiteElo "2232"]
[BlackElo "1847"]
[PlyCount "95"]
[EventDate "2023.??.??"]
[WhiteTeam "SK 1980 Gernsheim"]
[BlackTeam "SC Bad Nauheim"]

1. d4 d5 2. c4 c6 3. Nf3 Nf6 4. e3 e6 5. b3 Bb4+ 6. Nbd2 O-O 7. Bd3 Nbd7 8. Bb2 Ne4 9. a3 Ba5 10. b4 Nxd2 11. Qxd2 Bc7 12. e4 dxe4 13. Bxe4 e5 14. dxe5 Qe7 15. O-O Nxe5 16. Nxe5 Bxe5 17. Rae1 Qd6 18. Bxh7+ Kxh7 19. Qc2+ Qg6 20. Qxg6+ Kxg6 21. Rxe5 Be6 22. f4 Kh7 23. f5 Bxc4 24. Rf4 f6 25. Re7 Rf7 26. Re3 Bd5 27. Rh4+ Kg8 28. Reh3 Rff8 29. Bd4 b6 30. a4 Rae8 31. a5 Re2 32. Rh8+ Kf7 33. Rxf8+ Kxf8 34. Rh8+ Kf7 35. Ra8 Re7 36. Rb8 c5 37. bxc5 bxa5 38. Kf2 g6 39. Rd8 Bc6 40. Rd6 Rc7 41. Rxf6+ Ke7 42. fxg6 Bd5 43. h4 a4 44. h5 a3 45. h6 a2 46. h7 Rxc5 47. Bxc5+ Kxf6 48. h8=Q+ 1-0

[Event "Sparkassen-Open A"]
[Site "Heusenstamm, Martinsee"]
[Date "2023.11.23"]
[Round "1.28"]
[White "Li, Yunqi"]
[Black "Kersten, Uwe"]
[Result "0-1"]
[WhiteElo "1576"]
[BlackElo "2227"]
[PlyCount "86"]
[EventDate "2023.??.??"]
[WhiteTeam "SF 59 Kornwestheim"]
[BlackTeam "Kasseler SK 1876"]

1. d4 Nf6 2. Nf3 c5 3. c4 cxd4 4. Nxd4 e5 5. Nc2 d5 6. cxd5 Nxd5 7. e4 Nb4 8. Qxd8+ Kxd8 9. Nxb4 Bxb4+ 10. Bd2 Bxd2+ 11. Nxd2 Nc6 12. O-O-O Ke7 13. Bc4 Rd8 14. Nb3 Rxd1+ 15. Rxd1 b6 16. Bd5 Bd7 17. Kb1 Rd8 18. Bxc6 Bxc6 19. Re1 Bb5 20. Kc1 Rd6 21. f3 Rh6 22. Rh1 Rg6 23. g3 Rf6 24. Nd2 Be2 25. b4 Bxf3 26. Rf1 Rc6+ 27. Kb2 Be2 28. Rc1 Rxc1 29. Kxc1 Kf6 30. Nb1 Kg5 31. Kd2 Bc4 32. a3 Kg4 33. Ke3 Kh3 34. Nd2 Bb5 35. Nf3 f6 36. Kf2 Bc6 37. Ke3 g5 38. Nd2 Kxh2 39. Kf3 h5 40. g4 Be8 41. Nf1+ Kh3 42. Ng3 hxg4+ 43. Kf2 Bg6 0-1